000 00820nam a22002297a 4500
999 _c16456
_d16456
003 AR-CdUCM
008 190503b ||||| |||| 00| 0 spa d
040 _aMUNICIPALIDAD PROVINCIAL DEL CUSCO
_cBIBLIOTECA MUNICIPAL DEL CUSCO
041 _hfre
082 _a944.05 /
_bC28
100 _aConde de las Cases
_935906
245 _aNapoleón en Santa Elena /
260 _aParís :
_bHispano-Americana,
300 _a189 páginas ;
_bIlustraciones,
_c19 cm.
440 _aSerie histórica ilustrada :
_935907
505 _aContenido: Efervescencia después de Waterloo -- El emperador y los marinos ingleses --Suerte del emperador en el juego ...
650 _aBiografías históricas
_96252
650 _aFrancia
_91444
700 _aM., R. De (traductor)
_935908
942 _2ddc
_cLIBROS
945 _aacv
_d2019-05-03